Ako si rozumieme pri poznávaní a pretváraní hospodárskej skutočnosti

Odborný jazyk a hospodárska oblasť. Dorozumievanie v hospodárskej oblasti. Analýza pojmov hospodárstvo a ekonomika. Genéza pojmov hospodárstvo a ekonomika.

Uložené v:
Podrobná bibliografia
Hlavný autor: Choluj, Vladimír
Médium: Kniha
Jazyk:Slovak
Predmet:
Tagy: Pridať tag
Žiadne tagy, Buďte prvý, kto otaguje tento záznam!

MARC

LEADER 00000nam a2200000 4500
001 r031971
005 20230918075408.2
041 0 |a slo 
044 |a SK 
245 1 0 |a Ako si rozumieme pri poznávaní a pretváraní hospodárskej skutočnosti  |c Vladimír Choluj 
520 |a Odborný jazyk a hospodárska oblasť. Dorozumievanie v hospodárskej oblasti. Analýza pojmov hospodárstvo a ekonomika. Genéza pojmov hospodárstvo a ekonomika. 
610 2 0 |a terminológia 
610 2 0 |a ekonómia 
610 2 0 |a hospodárnosť 
610 2 0 |a hospodárstvo národné 
610 2 0 |a jazykoveda 
610 2 0 |a odbornosť 
610 2 0 |a pojmy 
100 1 |a Choluj, Vladimír